Biggest Cities in Jordan - Statistics

General Stats
  • This quiz has been taken 226 times
    183 since last reset
  • The average score is 2 of 10
Answer Stats
Population City % Correct
1,812,059 Amman
100%
502,714 Irbid
54%
635,160 Zarqa
48%
472,604 Russeifa
10%
296,763 Al-Quwaysimah
4%
169,434 Sahab
4%
197,160 Al Jubayhah
1%
186,158 Kherbet al-Souk
1%
251,000 Khilda
1%
241,830 Wadi Al-Seer
1%
No matching quizzes found
Score Distribution
Percent of People with Each Score
Percentile by Number Answered
Your Score History
You have not taken this quiz since the last reset